000 00818nas a2200253 4500
001 BR9206527
003 BR-BrBNA
005 20231205092931.0
007 ta
008 230509b bl.|||p| |||| 00| 00por d
040 _aBR-BrBNA
_bpor
_cBiblioteca Nacional de Agricultura
041 _a(En)
072 _aL50
100 1 _aVera, R.R.
100 1 _aMorris, J.G.
245 1 _aThe effect of fleece length, water loaf and ambient temperature on the heat production of fasting sheep.
650 _aOVINO
650 _aDIETA
650 _aTEMPERATURA DO CORPO
650 _aTOSQUIA
773 0 _tArquivos da Escola de Veterinaria da Universidade Federal de Minas Gerais (Brazil)
_xISSN 0365-8384
_g(Dec 1979), v. 31(3) p. 421-436
_wBR9206527
909 _a202311
_bLúcia
_c55
_dLúcia Elande
942 _2AGRIS
_n0
_cANA
999 _c135212
_d135212